MARC details
| 000 -LEADER |
| campo de control de longitud fija |
02145cam a2200421Ma 4500 |
| 001 - NÚMERO DE CONTROL |
| campo de control |
98156 |
| 005 - FECHA Y HORA DE LA ÚLTIMA TRANSACCIÓN |
| campo de control |
20230410120715.0 |
| 008 - DATOS DE LONGITUD FIJA--INFORMACIÓN GENERAL |
| campo de control de longitud fija |
070820s2007 bl ak b 001 0 por d |
| 010 ## - NÚMERO DE CONTROL DE LA BIBLIOTECA DEL CONGRESO |
| Número de control de LC |
2007315707 |
| 035 ## - NÚMERO DE CONTROL DEL SISTEMA |
| Número de control de sistema |
(OCoLC)ocn500377501 |
| 040 ## - FUENTE DE CATALOGACIÓN |
| Centro catalogador/agencia de origen |
UKMGB |
| Centro/agencia transcriptor |
UKMGB |
| 020 ## - NÚMERO INTERNACIONAL ESTÁNDAR DEL LIBRO |
| Número Internacional Estándar del Libro |
9788522506101 (pbk.) |
| 020 ## - NÚMERO INTERNACIONAL ESTÁNDAR DEL LIBRO |
| Número Internacional Estándar del Libro |
8522506108 (pbk.) |
| 035 ## - NÚMERO DE CONTROL DEL SISTEMA |
| Número de control de sistema |
(OCoLC)500377501 |
| 050 14 - SIGNATURA TOPOGRÁFICA DE LA BIBLIOTECA DEL CONGRESO |
| Número de clasificación |
HQ 799.2 |
| Número de ítem |
T779j 2007 |
| 100 1# - ENTRADA PRINCIPAL--NOMBRE DE PERSONA |
| Nombre de persona |
Travancas, Isabel Siqueira. |
| 245 10 - MENCIÓN DEL TÍTULO |
| Título |
Juventude e televisao: |
| Resto del título |
um estudo de recepcao do Jornal Nacional entre jovens universitarios cariocas / |
| Mención de responsabilidad, etc. |
Isabel Travancas; prefacio Eugenio Bucci. |
| 246 30 - FORMA VARIANTE DEL TITULO |
| Título propio/Titulo breve |
Estudo de recepcão do Jornal Nacional entre jovens universitários cariocas |
| 260 ## - PUBLICACIÓN, DISTRIBUCIÓN, ETC. |
| Lugar de publicación, distribución, etc. |
Rio de Janeiro : |
| Nombre del editor, distribuidor, etc. |
Editora FGV, |
| Fecha de publicación, distribución, etc. |
2007. |
| 300 ## - DESCRIPCIÓN FÍSICA |
| Extensión |
138 p. : |
| Otras características físicas |
ill., forms. ; |
| Dimensiones |
23 cm. |
| 500 ## - NOTA GENERAL |
| Nota general |
Revised version of the author's thesis (post-doctoral)--Museu Nacional da Universidade Federal do Rio de Janeiro. |
| 504 ## - NOTA DE BIBLIOGRAFÍA, ETC. |
| Nota de bibliografía, etc. |
Includes bibliographical references.(p.[97]-105) and inedex |
| 505 0# - NOTA DE CONTENIDO CON FORMATO |
| Nota de contenido con formato |
O jornal nacional e os jovens do Rio: A audiencia do jornal nacional-- Um retrato da cidade-- Os questionarios-- A tv a noticia: Um dia na redacâo do JN-- Os conceitos de noticia e o Jornal Nacional-- Brasil e televisâo, televisâo= Brasil-- Os filhos da televisâo: Modos de ver-- A entrada na universidade: A escolha do curso-- Consumo cultural-- Política-- Consideraçôes finais. |
| 650 #0 - PUNTO DE ACCESO ADICIONAL DE MATERIA--TÉRMINO DE MATERIA |
| Término de materia o nombre geográfico como elemento de entrada |
Jornal Nacional ( programa de televisâo) |
| 650 #0 - PUNTO DE ACCESO ADICIONAL DE MATERIA--TÉRMINO DE MATERIA |
| Término de materia o nombre geográfico como elemento de entrada |
Television and youth |
| Subdivisión geográfica |
Brazil |
| -- |
Rio de Janeiro. |
| 650 #0 - PUNTO DE ACCESO ADICIONAL DE MATERIA--TÉRMINO DE MATERIA |
| Término de materia o nombre geográfico como elemento de entrada |
Mass media |
| Subdivisión general |
Social aspects |
| Subdivisión geográfica |
Brazil |
| -- |
Rio de Janeiro |
| 650 #0 - PUNTO DE ACCESO ADICIONAL DE MATERIA--TÉRMINO DE MATERIA |
| Término de materia o nombre geográfico como elemento de entrada |
Television viewers |
| Subdivisión geográfica |
Brazil |
| -- |
Rio de Janeiro. |
| 650 #0 - PUNTO DE ACCESO ADICIONAL DE MATERIA--TÉRMINO DE MATERIA |
| Término de materia o nombre geográfico como elemento de entrada |
Television broadcasting of news |
| Subdivisión general |
Social aspects |
| Subdivisión geográfica |
Brazil |
| -- |
Rio de Janeiro. |
| 650 #0 - PUNTO DE ACCESO ADICIONAL DE MATERIA--TÉRMINO DE MATERIA |
| Término de materia o nombre geográfico como elemento de entrada |
Jornada Nacional (programa de televisión) |
| 650 #0 - PUNTO DE ACCESO ADICIONAL DE MATERIA--TÉRMINO DE MATERIA |
| Término de materia o nombre geográfico como elemento de entrada |
Televisión y juventud |
| Subdivisión geográfica |
Brasil |
| -- |
Rio de Janeiro |
| 650 #0 - PUNTO DE ACCESO ADICIONAL DE MATERIA--TÉRMINO DE MATERIA |
| Término de materia o nombre geográfico como elemento de entrada |
Medios de comunicación |
| Subdivisión general |
Aspectos social |
| Subdivisión geográfica |
Brasil |
| -- |
Rio de Janeiro |
| 650 #0 - PUNTO DE ACCESO ADICIONAL DE MATERIA--TÉRMINO DE MATERIA |
| Término de materia o nombre geográfico como elemento de entrada |
Televidentes |
| Subdivisión geográfica |
Brasil |
| -- |
Rio de Janeiro |
| 700 1# - ENTRADA AGREGADA--NOMBRE PERSONAL |
| Nombre de persona |
Bucci, Eugenio |
| Término indicativo de función/relación |
pref. |
| 710 2# - ENTRADA AGREGADA--NOMBRE DE ENTIDAD CORPORATIVA |
| Nombre de entidad corporativa o nombre de jurisdicción como elemento de entrada |
Fundaçâo Getulio Vargas |
| 942 ## - ELEMENTOS DE ENTRADA SECUNDARIOS (KOHA) |
| Fuente del sistema de clasificación o colocación |
Clasificación de Library of Congress |
| Tipo de ítem Koha |
|
| 994 ## - |
| -- |
C0 |
| -- |
DRFGD |
| 946 ## - PROCESAMIENTO DE INFORMACIÓN LOCAL (OCLC) |
| a |
lmm |